Music Quiz

Random Music or Rock Quiz

Summer of '69 (A-Z) Quiz Stats

 Plays Quiz Updated Jul 19, 2019

Score 0/23 Timer 02:30
0 Plays Today
Letter Word(s) % Correct
SSchool, Seemed, Shoulda, Six, Sixtynine, Some, Sometimes, Spent, Standin', String, Summer
96%
AAbout, Ain't, Always, And, Are, At
95.6%
BBaby, Back, Band, Be, Best, Bled, Bought
94.6%
OOf, Oh, Old, On, Or
91.6%
WWait, Wanna, Was, We, We'd, Went, Were, What, When, Wonder, Wrong
91.4%
MMama's, Man, Married, Me, Met, My
90.9%
DDays, Dime, Do, Down, Drive-In
88.7%
FFar, Fingers, First, Five, Forever, From
88.4%
TThat, That's, There, Think, Those, Til, Time, Times, To, Told, Tried
86.7%
II'd, If, In, It, It'd
86%
GGet, Gone, Got, Guess, Guys
81.6%
YYeah, You, You'd, Young, Your
81.5%
Letter Word(s) % Correct
NNeeded, Never, No, Nothin', Now
78.5%
LLast, Life, Look
70.7%
CCan, Changin', Choice, Come, Complain'
66%
PPlay, Played, Porch
65.6%
RReal, Restless
63.7%
HHad, Hand, Hard, Held
62.3%
QQuit
56%
JJimmy, Job, Jody
52.9%
KKillin', Knew, Known
42.4%
UUnwind, Use
25%
EEvenings, Everything
17.9%

You're not logged in!

Compare scores with friends on all Sporcle quizzes.
OR
Log In

Sporcle TV

Today on Sporcle TV


Watch our educational content, quiz creation guides, and fun videos on Sporcle TV.

Show Comments

Extras

Top Quizzes Today


Score Distribution

Your Account Isn't Verified!

In order to create a playlist on Sporcle, you need to verify the email address you used during registration. Go to your Sporcle Settings to finish the process.

Report this User

Report this user for behavior that violates our Community Guidelines.

Details: